000 00690nam a2200289Ia 4500
005 20260324135554.0
008 008 260324s9999 xx 000 0 eng d
020 _a9781315262628
037 _aEBOOK
040 _aCRL
040 _beng
040 _cCRL
041 _2eng
041 _aeng
084 _qCRL
100 _aFred Sommers; George Englebretsen
_91201098
245 3 _aAn Invitation to Formal Reasoning
245 4 _bThe Logic of Terms
260 _bTaylor and Francis
260 _c2000
365 _a
365 _b230
856 _uhttp://www.taylorfrancis.com/books/9781315262628
942 _cEBOOK
999 _c1802318
_d1802318